E52(中部横断道など)のIC - Statistics

General Stats
  • This quiz has been taken 43 times
  • The average score is 12 of 21
Answer Stats
東関東道 % Correct
JCT 清水
94%
JCT 新清水
86%
JCT 新清水
86%
JCT 双葉
77%
IC 南部
71%
JCT 佐久小諸
66%
IC 富沢
63%
IC 南アルプス
60%
IC 八千穂高原
57%
IC 佐久南
57%
IC 身延山
51%
IC 下部温泉早川
51%
IC/PA 増穂
49%
IC 佐久北
49%
IC 白根
46%
IC 佐久穂
46%
IC 清水いはら
43%
IC 六郷
43%
IC 佐久中佐都
40%
IC 中富
31%
IC 佐久臼田
31%
No matching quizzes found
Score Distribution
Percent of People with Each Score
Percentile by Number Answered
Your Score History
You have not taken this quiz